000 00496nam a2200181Ia 4500
008 090123s9999 xx 000 0 und d
082 _b25328
_a891.463/शेटे
100 _aशेटे शिवाजी
245 _aसावज
250 _a0
260 _bशांती प्रकाशन
300 _a128
600 _aशेटे शिवाजी
630 _aसावज
700 _aशेटे शिवाजी
730 _aसावज
942 _cBOOK
999 _c63399
_d63399